| 000 | 00984na a2200313 4500 | ||
|---|---|---|---|
| 001 | 14656 | ||
| 003 | MIRAKIL | ||
| 005 | 20181213155308.0 | ||
| 008 | 161025b tu 000 0 | ||
| 035 | _a14656 | ||
| 040 |
_aMilas _btur _cTR-AnCHP |
||
| 041 | _atur | ||
| 082 |
_a324.2182 _bA43a 2005 |
||
| 090 | _a324.2182 A43a 2005 | ||
| 100 | _aAkgül, Ahmet | ||
| 245 |
_aAKP ve akıbeti _cAhmet Akgül |
||
| 260 |
_aİstanbul _bMilli çözüm yayınları _c2005 |
||
| 300 |
_a605 s. _c22 sm. |
||
| 490 | _aMilli siyasette kirli hesaplar | ||
| 500 | _aİç kapakta yapıt adı: Milli siyasette kirli hesapları : AKP ve akibeti | ||
| 500 | _aDış kapakta yapıt adı : AKP ve akibeti | ||
| 600 |
_aErdoğan, Recep Tayyip _xSiyaset ve yönetim |
||
| 610 |
_aAKP _xSiyaset ve yönetim |
||
| 650 | _aSiyaset sosyolojisi | ||
| 651 |
_aTürkiye _xSiyaset ve yönetim _y2002- |
||
| 657 | _aAKP eleştirisi | ||
| 740 | _aMilli siyasette kirli hesaplar | ||
| 942 |
_2ddc _cBKS |
||
| 999 |
_c10124 _d10124 |
||